Hoạt động giáo dục hướng nghiệp 11 Sách giáo viên

में बचाया:
ग्रंथसूची विवरण
मुख्य लेखक: Phạm, Tất Dong
स्वरूप: पुस्तक
भाषा:Undetermined
प्रकाशित: H. Giáo dục 2007
विषय:
ऑनलाइन पहुंच:http://lrc.tdmu.edu.vn/opac/search/detail.asp?aID=2&ID=5332
टैग : टैग जोड़ें
कोई टैग नहीं, इस रिकॉर्ड को टैग करने वाले पहले व्यक्ति बनें!
Thư viện lưu trữ: Trung tâm Học liệu Trường Đại học Thủ Dầu Một
LEADER 00677nam a2200205Ia 4500
001 TDMU_5332
008 210410s9999 xx 000 0 und d
082 |a 370.113 072 
090 |b PH104 
100 |a Phạm, Tất Dong 
245 0 |a Hoạt động giáo dục hướng nghiệp 11 
245 0 |b Sách giáo viên 
245 0 |c Phạm Tất Dong 
260 |a H. 
260 |b Giáo dục 
260 |c 2007 
300 |a 130tr 
650 |a Sách lớp 11  |v Giáo viên; Giáo dục hướng nghiệp 
856 |u http://lrc.tdmu.edu.vn/opac/search/detail.asp?aID=2&ID=5332 
980 |a Trung tâm Học liệu Trường Đại học Thủ Dầu Một